| 000 | 00941 a2200193 4500 | ||
|---|---|---|---|
| 999 |
_c4447 _d4447 |
||
| 020 | _a9780850928228 | ||
| 050 | 0 | 0 | _aLC 45.8.A35 ACH 2005 |
| 245 | 0 | 0 |
_aAchieving education for all : _bthe case for non-formal education : report of a symposium on the Implementation of Alternative Approaches in the Context of Quality Education for All / _cedited by Amina Osman. |
| 264 |
_aLondon: _bCommonwealth Secretariat, _c2005 |
||
| 300 |
_avii, 150 p. : _bill. ; |
||
| 500 | _a"Published by the Commonwealth Secretariat on behalf of the Association for the Development of Education in Africa (ADEA) Working Group on Non-Formal Education." | ||
| 504 | _aIncludes bibliographical references. | ||
| 650 | 0 | _aNon-formal education | |
| 700 | 1 | _aOsman, Amina. | |
| 710 | 2 | _aCommonwealth Secretariat. | |
| 710 | 2 | _aADEA Working Group on Non-Formal Education. | |
| 942 |
_2lcc _cBK _h45.8A35 _iACH _kLC |
||